RICS responds to latest DLUHC announcement on housing (Record no. 121643)

MARC details
000 -LEADER
fixed length control field 01438nam a22002297a 4500
008 - FIXED-LENGTH DATA ELEMENTS--GENERAL INFORMATION
fixed length control field 230811e20230725xxk|||||o|||| 00| 0 eng d
041 ## - LANGUAGE CODE
Language code of text/sound track or separate title eng
110 ## - MAIN ENTRY--CORPORATE NAME
Corporate author Royal Institution of Chartered Surveyors
245 ## - TITLE STATEMENT
Title RICS responds to latest DLUHC announcement on housing
Medium [Electronic resource]
260 ## - PUBLICATION INFORMATION
Place of publication London,
Publisher Royal Institution of Chartered Surveyors,
Date 25 July 2023
520 ## - ABSTRACT
Abstract The Department for Levelling Up, Housing and Communities (DLUHC) have announced a series of initiatives aimed at providing a much-needed boost to the housing market, centred around increasing supply - Sam Rees and Gary Strong of the RICS respond. RICS welcomes the UK Government’s announcement on boosting the supply of homes, which is essential to creating a vibrant and affordable housing market. RICS also welcomes the announcement of the opening of the Cladding Safety Scheme, and again urges this be put in place quickly. Six years is too long for any resident to have to wait for Government to act when it comes to fire safety and cost alleviation
650 ## - KEYWORDS
Keywords CLADDING
650 ## - KEYWORDS
Keywords FIRE SAFETY
650 ## - KEYWORDS
Keywords HOUSING
650 ## - KEYWORDS
Keywords HOUSING MARKET
650 ## - KEYWORDS
Keywords PLANNING
651 ## - SUBJECT ADDED ENTRY--GEOGRAPHIC NAME
Geographic name United Kingdom
690 ## - BROAD SUBJECT
9 (RLIN) 6215
Broad subject Affordable housing
710 ## - ADDED CORPORATE NAME
Added corporate author Royal Institution of Chartered Surveyors
856 ## - ONLINE RESOURCE
Uniform Resource Identifier <a href="https://www.rics.org/news-insights/dluhc-housing-announcement-response-july-2023">https://www.rics.org/news-insights/dluhc-housing-announcement-response-july-2023</a>
Public note Available free on RICS.org
942 ## - ADDED ENTRY ELEMENTS (KOHA)
Suppress in OPAC Do not suppress in OPAC
Holdings
Lost status Source of classification or shelving scheme Damaged status Not for loan Current library Shelving location Date acquired Total Checkouts Full call number Date last seen Price effective from Koha item type
  Dewey Decimal Classification     Virtual Online 11/08/2023   CONSULTATION RESPONSE 11/08/2023 11/08/2023 Online material